Statistics for World Capitals: Capital at Median Distance

Click here to take the quiz!

General Stats

  • This quiz has been taken 22 times
  • The average score is 6 of 10

Answer Stats

Capital city96th97th98th99th100th% Correct
WashingtonAccraLomePorto-NovoAnkaraAbuja
74%
CanberraTegucigalpaSan JoseDamascusJerusalemBelmopan
68%
RomeTashkentMuscatDushanbeKabulBishkek
68%
JakartaSkopjePristinaKinshasaBrazzavilleRiga
63%
MaseruAndorra la VellaZagrebLisbonLjubljanaChisinau
63%
ManilaTiranaViennaPodgoricaBerlinSarajevo
58%
Buenos AiresApiaAddis AbabaSan MarinoBrusselsLuxembourg
58%
OsloAccraAddis AbabaBanguiYaoundeMonrovia
53%
UlaanbaatarTunisMajuroKhartoumAndorra la VellaTripoli
53%
JerusalemKinshasaLomeVictoriaSao TomeAccra
37%

Score Distribution

Percentile by Number Answered

Percent of People with Each Score

Your Score History

You have not taken this quiz